[Event "Cotswold op"]
[Site "Cheltenham"]
[Date "2007.05.28"]
[Round "5"]
[White "Bentley, Alan R"]
[Black "Uddin, Moin"]
[Result "0-1"]
[WhiteElo "1592"]
[BlackElo "1536"]
[PlyCount "58"]
[EventDate "2007.05.26"]
[EventType "swiss"]
[EventRounds "6"]
[EventCountry "ENG"]
[SourceTitle "EXT 2008"]
[Source "ChessBase"]
[SourceDate "2007.11.25"]
[SourceVersion "1"]
[SourceVersionDate "2007.11.25"]
[SourceQuality "1"]

1. c4 e6 2. Nc3 c5 3. Nf3 Nc6 4. g3 Nf6 5. Bg2 Be7 6. 0-0 0-0 7. d4 d5 8. cxd5 exd5 9. Bg5 Re8 10. Rc1 h6 11. Bf4 a6 12. b3 Bg4 13. dxc5 Bxc5 14. Na4 Ba3 15. Rc3 Nb4 16. Bc7 Qe7 17. Nb6 Nxa2 18. Rc2 Nb4 19. Nxa8 Nxc2 20. Qxc2 Rxa8 21. Bf4 Rc8 22. Qd3 Bb4 23. Be5 Ne4 24. Qxd5 Bxf3 25. Bxf3 Nd2 26. Ra1 Rc5 27. Bd6 Rxd5 28. Bxe7 Nxf3+ 29. exf3 Bxe7 0-1

[Event "Cotswold op"]
[Site "Cheltenham"]
[Date "2007.05.27"]
[Round "3"]
[White "Martin, Peter"]
[Black "Bentley, Alan R"]
[Result "1-0"]
[WhiteElo "1888"]
[BlackElo "1592"]
[PlyCount "141"]
[EventDate "2007.05.26"]
[EventType "swiss"]
[EventRounds "6"]
[EventCountry "ENG"]
[SourceTitle "EXT 2008"]
[Source "ChessBase"]
[SourceDate "2007.11.25"]
[SourceVersion "1"]
[SourceVersionDate "2007.11.25"]
[SourceQuality "1"]

1. d4 Nf6 2. Nf3 g6 3. Bg5 Bg7 4. Nbd2 d5 5. e3 0-0 6. Bd3 b6 7. c3 Bb7 8. Qc2 Nbd7 9. h4 Qe8 10. Bxf6 Bxf6 11. h5 e5 12. dxe5 Nxe5 13. Nxe5 Bxe5 14. 0-0-0 c5 15. c4 Rd8 16. f4 Bf6 17. Rde1 Kg7 18. Rhg1 dxc4 19. Bxc4 b5 20. Be2 c4 21. Bf3 Bxf3 22. gxf3 Rd3 23. Ne4 Bd8 24. hxg6 fxg6 25. Qh2 Bb6 26. Rh1 h5 27. Qg2 Rxe3 28. Qg3 Qe7 29. Ng5 Ba5 30. Rxe3 Qxe3+ 31. Kb1 Qd3+ 32. Ka1 Qe2 33. Qh3 Re8 34. Qd7+ Re7 35. Qd4+ Kg8 36. a3 c3 37. bxc3 Bb6 38. Qd5+ Kf8 39. Rb1 Ba5 40. Qd4 Kg8 41. Ne4 Kf7 42. Qf6+ Ke8 43. Qxg6+ Kd8 44. Qd6+ Ke8 45. Qb8+ Kf7 46. Qxb5 Rxe4 47. Qxh5+ Ke6 48. Qxa5 Qxf3 49. Qa6+ Kf5 50. Rb5+ Kxf4 51. Qf6+ Ke3 52. Qxf3+ Kxf3 53. Kb2 Ke3 54. Kb3 Re7 55. a4 Kd3 56. Rd5+ Ke4 57. c4 Rc7 58. Kb4 Rb7+ 59. Rb5 Rc7 60. a5 Kd4 61. Rd5+ Ke4 62. Rd6 Ke5 63. c5 Rb7+ 64. Kc4 Rc7 65. a6 Rh7 66. Kb5 Rh1 67. Rd7 Ke6 68. Kc6 Ra1 69. Rxa7 Ra2 70. Ra8 Ra1 71. a7 1-0

[Event "Cotswold op"]
[Site "Cheltenham"]
[Date "2007.05.26"]
[Round "1"]
[White "White, Ernest Michael"]
[Black "Bentley, Alan R"]
[Result "0-1"]
[WhiteElo "1960"]
[BlackElo "1592"]
[PlyCount "104"]
[EventDate "2007.05.26"]
[EventType "swiss"]
[EventRounds "6"]
[EventCountry "ENG"]
[SourceTitle "EXT 2008"]
[Source "ChessBase"]
[SourceDate "2007.11.25"]
[SourceVersion "1"]
[SourceVersionDate "2007.11.25"]
[SourceQuality "1"]

1. e4 c5 2. Nf3 Nc6 3. d4 cxd4 4. Nxd4 Nf6 5. Nc3 d6 6. Bg5 e6 7. Qd2 a6 8. 0-0-0 h6 9. Bxf6 Qxf6 10. Bc4 Nxd4 11. Qxd4 Qxd4 12. Rxd4 Be7 13. f4 0-0 14. h4 Rd8 15. g3 b5 16. Bb3 Bb7 17. Re1 Bc6 18. Rd2 a5 19. a4 bxa4 20. Nxa4 Ra7 21. Nc3 a4 22. Ba2 Rb8 23. f5 Rab7 24. fxe6 Rxb2 25. exf7+ Kf8 26. Bb3 a3 27. Nd1 Bf6 28. Nxb2 Bxb2+ 29. Kb1 Bc3 30. Kc1 Ba4 31. Rf1 Bxd2+ 32. Kxd2 Bxb3 33. cxb3 Rxb3 34. g4 a2 35. Ra1 Ra3 36. g5 hxg5 37. hxg5 Kxf7 38. Kc2 Kg6 39. Kb2 Ra8 40. Kc3 Kxg5 41. Kd4 Kf6 42. Kd5 Ra6 43. Rf1+ Ke7 44. Ra1 g5 45. Kd4 Ke6 46. Ke3 Ke5 47. Kf3 Ra4 48. Kg4 d5 49. Kxg5 dxe4 50. Kg4 Ra3 51. Kh4 Kd4 52. Kg4 Kc3 0-1